[Event "GER-chT KG-35 Br4 email"]
[Site "GER email"]
[Date "2008.??.??"]
[Round "?"]
[White "Engl, Heinz"]
[Black "Baensch, Arne"]
[Result "1/2-1/2"]
[WhiteElo "1640"]
[BlackElo "1640"]
[PlyCount "43"]
[EventDate "2008.??.??"]
[EventType "tourn (corr)"]
[EventRounds "7"]
[EventCountry "GER"]
[SourceTitle "Corr 2011"]
[Source "ChessBase"]
[SourceDate "2010.08.31"]
[SourceVersion "1"]
[SourceVersionDate "2010.08.31"]
[SourceQuality "1"]

1. e4 c6 2. d4 d5 3. exd5 cxd5 4. c4 Nf6 5. Nc3 e6 6. Nf3 Bb4 7. cxd5 Nxd5 8. Bd2 Nc6 9. Bd3 Nf6 10. 0-0 0-0 11. Be3 Be7 12. a3 b6 13. Qe2 Bb7 14. Rad1 Qc7 15. Bg5 Rfd8 16. Bb1 h6 17. Bh4 Qf4 18. d5 exd5 19. Rfe1 d4 20. Nb5 a6 21. Bg3 Qg4 22. h3 1/2-1/2